eponymous Shakespeare characters - Statistics

General Stats
  • This quiz has been taken 47 times
  • The average score is 17 of 23
Answer Stats
character % Correct
Hamlet
97%
Juliet
92%
Macbeth
92%
Richard III
90%
Romeo
90%
Henry V
82%
Henry VI
82%
Henry VIII
82%
King Lear
79%
Othello
79%
Julius Caesar
74%
Henry IV
69%
Titus Andronicus
69%
Cleopatra
64%
Cressida
64%
King John
64%
Mark Antony
64%
Richard II
59%
Troilus
59%
Coriolanus
56%
Pericles
56%
Cymbeline
46%
Timon
44%
No matching quizzes found
Score Distribution
Percent of People with Each Score
Percentile by Number Answered
Your Score History
You have not taken this quiz